Grupos / (Record no. 29380)

MARC details
000 -LEADER
fixed length control field 00913cam a2200289Ia 4500
001 - CONTROL NUMBER
control field zsdlsd b835561
003 - CONTROL NUMBER IDENTIFIER
control field OCoLC
005 - DATE AND TIME OF LATEST TRANSACTION
control field 20240317190231.0
008 - FIXED-LENGTH DATA ELEMENTS--GENERAL INFORMATION
fixed length control field 941109s1994 ag a 000 0 eng d
020 ## - INTERNATIONAL STANDARD BOOK NUMBER
International Standard Book Number 9501109860 :
Terms of availability $4.95
020 ## - INTERNATIONAL STANDARD BOOK NUMBER
International Standard Book Number 9789501109863
040 ## - CATALOGING SOURCE
Original cataloging agency DPL
Transcribing agency DPL
Modifying agency JTB
041 1# - LANGUAGE CODE
Language code of text/sound track or separate title spa
Language code of original eng
092 0# - LOCALLY ASSIGNED DEWEY CALL NUMBER (OCLC)
Classification number E SPA/COLELLA
100 1# - MAIN ENTRY--PERSONAL NAME
Personal name Colella, Olga.
245 10 - TITLE STATEMENT
Title Grupos /
Statement of responsibility, etc. [textos de Olga Colella]
260 ## - PUBLICATION, DISTRIBUTION, ETC. (IMPRINT)
Place of publication, distribution, etc. Buenos Aires :
Name of publisher, distributor, etc. Sigmar,
Date of publication, distribution, etc. c1994.
300 ## - PHYSICAL DESCRIPTION
Extent 1 v. (unpaged) :
Other physical details col. ill. ;
Dimensions 20 cm.
490 0# - SERIES STATEMENT
Series statement Primeras imagenes.
500 ## - GENERAL NOTE
General note Titulo original: My first look at sorting.
500 ## - GENERAL NOTE
General note "Un libro Dorling Kindersley" -- T.p. verso.
520 ## - SUMMARY, ETC.
Summary, etc. Photographs explore how things are alike and different.
650 #7 - SUBJECT ADDED ENTRY--TOPICAL TERM
Topical term or geographic name as entry element Grupos
General subdivision Literatura juvenil.
Source of heading or term bidex.
650 #0 - SUBJECT ADDED ENTRY--TOPICAL TERM
Topical term or geographic name as entry element Set theory
Form subdivision Juvenile literature.
650 #1 - SUBJECT ADDED ENTRY--TOPICAL TERM
Topical term or geographic name as entry element Spanish language materials.
942 ## - ADDED ENTRY ELEMENTS (KOHA)
Koha item type Libro/Book
Source of classification or shelving scheme Dewey Decimal Classification
Holdings
Withdrawn status Lost status Damaged status Not for loan Home library Current library Date acquired Total Checkouts Barcode Checked out Date last seen Date checked out Price effective from Koha item type
        San Juan Del Sur -- Mobile Rejega 04/03/2024 3 33016109 17/09/2024 15/08/2024 15/08/2024 04/03/2024 Libro/Book

Powered by Koha